Vybrané metódy analýzy podnikateľského prostredia
Pojem podnikateľské prostredie. Úrovne podnikateľského prostredia. Porovnanie novej ekonomiky a ekonomiky novej normality. Metódy identifikácie a hodnotenia faktorov vonkajšieho a vnútorného prostredia. Hybné sily konkurencie v odvetví. Hodnototvorný reťazec.
Uložené v:
| Hlavný autor: | |
|---|---|
| Médium: | Kapitola |
| Jazyk: | Slovak |
| Predmet: | |
| Tagy: |
Žiadne tagy, Buďte prvý, kto otaguje tento záznam!
|
MARC
| LEADER | 00000nla a2200000 4500 | ||
|---|---|---|---|
| 001 | 0178222 | ||
| 005 | 20240502073030.3 | ||
| 041 | 0 | |a slo | |
| 044 | |a SK | ||
| 245 | 1 | 0 | |a Vybrané metódy analýzy podnikateľského prostredia |c Katarína Belanová |
| 520 | |a Pojem podnikateľské prostredie. Úrovne podnikateľského prostredia. Porovnanie novej ekonomiky a ekonomiky novej normality. Metódy identifikácie a hodnotenia faktorov vonkajšieho a vnútorného prostredia. Hybné sily konkurencie v odvetví. Hodnototvorný reťazec. | ||
| 610 | 2 | 0 | |a prostredie podnikateľské |
| 610 | 2 | 0 | |a prostredie podnikové |
| 610 | 2 | 0 | |a analýza ekonomická |
| 610 | 2 | 0 | |a konkurencieschopnosť |
| 100 | 1 | |a Belanová, Katarína, 1978- | |